Posłowie Nowej Nadziei w X kadencji Sejmu - Statystyki

Ogólne statystyki
  • Ten quiz został rozwiązany 39 razy
  • Średni wynik to 4 z 8
Statystyki odpowiedzi
Poseł na Sejm % Poprawnych
Sławomir Mentzen
100%
Konrad Berkowicz
94%
Grzegorz Płaczek
61%
Ryszard Wilk
44%
Bartłomiej Pejo
39%
Bronisław Foltyn
39%
Przemysław Wipler
33%
Michał Połuboczek
22%
Nie znaleziono quizów pasujących do podanych kryteriów
Rozkład punktacji
Procent ludzi z każdym wynikiem
Percentyl według liczby udzielonych odpowiedzi
Twoja historia wyników
Nie rozwiązałeś tego quizu